Logo BPK

Biblioteka

Politechniki Koszalińskiej

Kronika Wendlanda / (Rekord nr 52592)

Szczegóły MARC
000 -ETYKIETA REKORDU
podpole kontrolne o stałej długości 01309nam a2200289 i 4500
001 - NUMER KONTROLNY REKORDU
pole kontrolne bg
020 ## - MIĘDZYNARODOWY ZNORMALIZOWANY NUMER KSIĄŻKI - ISBN
ISBN 8391499936
040 ## - ŹRÓDŁO KATALOGOWANIA
Instytucja, która utworzyła rekord BPK
041 w# - KOD JĘZYKA
Kod języka tekstu polger
Kod języka oryginału ger
080 ## - UNIWERSALNA KLASYFIKACJA DZIESIĘTNA - UKD
UKD 94(430+438)"12/17"
920 ## - Międzynarodowy znormalizowany numer książki – ISBN
ISBN 83-914999-3-6
008 - POLE O STAŁEJ DŁUGOŚCI - DANE KONTROLNE
podpole kontrolne o stałej długości s pl f |000 0 pol
100 1# - NAZWA OSOBOWA
Nazwa osobowa WENDLAND, Johann David
Daty związane z nazwą (1691-1756)
245 10 - TYTUŁ/ODPOWIEDZIALNOŚĆ
Tytuł Kronika Wendlanda /
Pozostałe elementy strefy tytułu i oznaczenia odpowiedzialności Johann David Wendland ; [zesp. red. pod kier. Joanny Chojeckiej ; tł. tekstów niem. Joanna Chojecka, Aneta Heinrich, Adam Muszyäski ; tł. tekstów łac. Adam Muszyński].
246 1# - WARIANT TYTUŁU
Tytuł Eine Sammlung unterschidliecher die Historie der Stadt Cöslin bettrefende Sachen
246 1# - WARIANT TYTUŁU
Tytuł Zbiór rzeczy rozmaitych historii Miasta Koszalin dotyczących"
260 ## - STREFA ADRESU WYDAWNICZEGO
Miejsce wydania Koszalin :
Nazwa wydawcy/dystrybutora Wydawnictwo Prosperius,
Data publikacji, dystrybucji/powstania dokumentu 2006.
300 ## - STREFA OPISU FIZYCZNEGO
Objętość XVI, 482, [17] s. :
Inne cechy fizyczne faks. ;
Rozmiary 21 cm.
500 ## - UWAGI OGÓLNE
Tekst uwagi Tyt. nagł.: "Eine Sammlung unterschiedlicher die Historie der Stadt Cöslin betreffende Sachen".
500 ## - UWAGI OGÓLNE
Tekst uwagi Tyt. nagł.: "Zbiór rzeczy rozmaitych historii Miasta Koszalin dotyczących".
504 ## - UWAGA DOTYCZĄCA BIBLIOGRAFII
Informacje o bibliografii Zawiera: transkrypcję, tłumaczenie fragmentów kroniki na język polski, dodatki.
651 #9 - HASŁO PRZEDMIOTOWE W FORMIE NAZWY GEOGRAFICZNEJ
Nazwa geograficzna Koszalin
Określnik ogólny historia
Określnik chronologiczny 13-18 w.
700 1# - HASŁO DODATKOWE - NAZWA OSOBOWA
Nazwa osobowa CHOJECKA, Joanna.
Określenie związku między hasłem a opisywanym materiałem Red.
700 1# - HASŁO DODATKOWE - NAZWA OSOBOWA
Nazwa osobowa HEINRICH, Aneta.
Określenie związku między hasłem a opisywanym materiałem Tł.
700 1# - HASŁO DODATKOWE - NAZWA OSOBOWA
Nazwa osobowa MUSZYŃSKI, adam.
Określenie związku między hasłem a opisywanym materiałem Tł.
856 ## - LOKALIZACJA I DOSTĘP DO ELEKTRONICZNYCH DOKUMENTÓW ZDALNYCH
Link (URL) http://koha.tu.koszalin.pl/cgi-bin/koha/opac-detail.pl?biblionumber=52592
Tekst linku Katalog online BPK
942 ## - DODATKOWE ELEMENTY (KOHA)
Typ dokumentu Książka
Egzemplarze
Wycofany Status egzemplarza Uszkodzony Dostępność Lokalizacja stała Lokalizacja bieżąca Miejsce przechowywania Sygnatura Kod kreskowy Dział Typ dokumentu
      Tylko na miejscu Biblioteka Politechniki Koszalińskiej Biblioteka Politechniki Koszalińskiej Czytelnia BG 81205 02320694 94(438) Historia Polski Książka
      Tylko na miejscu Biblioteka Politechniki Koszalińskiej Biblioteka Politechniki Koszalińskiej Czytelnia Wydziałowa ul. Kwiatkowskiego 6e 81206 02347677 94(430) Historia Niemiec Książka
      Tylko na miejscu Biblioteka Politechniki Koszalińskiej Biblioteka Politechniki Koszalińskiej Czytelnia Wydziałowa ul. Kwiatkowskiego 6e 81207 02347660   Książka
© 2023 Biblioteka Politechniki Koszalińskiej :: KOHA